<?xml version="1.0" encoding="UTF-8"?>
<record
    xmlns:xsi="http://www.w3.org/2001/XMLSchema-instance"
    xsi:schemaLocation="http://www.loc.gov/MARC21/slim http://www.loc.gov/standards/marcxml/schema/MARC21slim.xsd"
    xmlns="http://www.loc.gov/MARC21/slim">

  <leader>02986nam a2200229 a 4500</leader>
  <controlfield tag="003">DO-SdBNP</controlfield>
  <controlfield tag="005">20221115120807.0</controlfield>
  <controlfield tag="007">ta</controlfield>
  <controlfield tag="008">221114e2017    dr ao||gr|||| 001 e spa d</controlfield>
  <datafield tag="040" ind1=" " ind2=" ">
    <subfield code="a">DO-SdBNP</subfield>
    <subfield code="b">spa</subfield>
    <subfield code="c">BNPHU</subfield>
  </datafield>
  <datafield tag="082" ind1=" " ind2="4">
    <subfield code="2">22</subfield>
    <subfield code="b">P349</subfield>
  </datafield>
  <datafield tag="245" ind1=" " ind2=" ">
    <subfield code="a">Historia social dominicana:</subfield>
    <subfield code="b">notas de c&#xE1;tedra y otras reflexiones. /</subfield>
    <subfield code="c">Genaro Pe&#xF1;a Fern&#xE1;ndez, Felix Castillo</subfield>
  </datafield>
  <datafield tag="260" ind1=" " ind2=" ">
    <subfield code="a">Santo Domingo :</subfield>
    <subfield code="b">Universitaria, UASD,</subfield>
    <subfield code="c">2017</subfield>
  </datafield>
  <datafield tag="300" ind1=" " ind2=" ">
    <subfield code="a">637 p. :</subfield>
    <subfield code="b">il., fotogr. ;</subfield>
    <subfield code="c">22 cm.</subfield>
  </datafield>
  <datafield tag="500" ind1=" " ind2=" ">
    <subfield code="a">Incluye bibliograf&#xED;a y notas al pi&#xE9; de p&#xE1;ginas.</subfield>
  </datafield>
  <datafield tag="504" ind1=" " ind2=" ">
    <subfield code="a">Bibliograf&#xED;a: 619 - 637</subfield>
  </datafield>
  <datafield tag="505" ind1=" " ind2=" ">
    <subfield code="a">Nota de los autores.</subfield>
    <subfield code="g">Cap&#xED;tulo I.</subfield>
    <subfield code="t">La historia. Su concepto.--</subfield>
    <subfield code="g">Cap&#xED;tulo II.</subfield>
    <subfield code="t">Breves consideraciones sobre geoespacialidad e identidad nacional hacia una propuesta de periodizaci&#xF3;n de la historia dominicana.--</subfield>
    <subfield code="g">Cap&#xED;tulo III.</subfield>
    <subfield code="t">La situaci&#xF3;n europea antes de la conquista transoce&#xE1;nica. El caso particular de Espa&#xF1;a.--</subfield>
    <subfield code="g">Cap&#xED;tulo IV.</subfield>
    <subfield code="t">Los pueblos originarios de la isla de Hait&#xED;. sus caracter&#xED;sticas fundamentales.--</subfield>
    <subfield code="g">Cap&#xED;tulo V. </subfield>
    <subfield code="t">A prop&#xF3;sito del proceso colonizador de la isla. El paso dram&#xE1;tico de la conquista a la colonizaci&#xF3;n.--</subfield>
    <subfield code="g">Cap&#xED;tulo VI.</subfield>
    <subfield code="t">El siglo XVII. Santo Domingo en el centro de las disputas de las potencias colonialistas europeas.--</subfield>
    <subfield code="g">Cap&#xED;tulo VII.</subfield>
    <subfield code="t">Caracter&#xED;sticas genrales de las dos formaciones coloniales en la isla durante el siglo XVIII. aproximaciones y contrastes.--</subfield>
    <subfield code="g">Cap&#xED;tulo VIII.</subfield>
    <subfield code="t">Del fr&#xE1;gil dominio franc&#xE9;s a la Independencia Ef&#xED;mera.--</subfield>
    <subfield code="g">Cap&#xED;tulo IX.</subfield>
    <subfield code="t">Desde la incorporaci&#xF3;n de la parte este de la isla a la Rep&#xFA;blica de Hait&#xED; hasta la proclamaci&#xF3;n de la Independencia de la Rep&#xFA;blica Dominicana (1822 - 1844).--</subfield>
    <subfield code="g">Cap&#xED;tulo X.</subfield>
    <subfield code="t">Nacimiento de la Rep&#xFA;blica Dominicana: Precapitalismo y dominaci&#xF3;n neocolonial caudillismo y despotismo.--</subfield>
    <subfield code="g">Cap&#xED;tulo XI.</subfield>
    <subfield code="t">La Revoluci&#xF3;n Restauradora.--</subfield>
    <subfield code="g">Cap&#xED;tulo XII.</subfield>
    <subfield code="t">Crisis pol&#xED;tica protestauradora y los obst&#xE1;culos para la construcci&#xF3;n de un Estado burgu&#xE9;s nacional e independiente.--</subfield>
    <subfield code="g">Cap&#xED;tulo XIII.</subfield>
    <subfield code="t">Ingerencismo norteamericano y la inestabilidad pol&#xED;tica.--</subfield>
    <subfield code="g">Cap&#xED;tulo XIV.</subfield>
    <subfield code="t">La primera intervenci&#xF3;n militar estadounidense a la Rep&#xFA;blica Dominicana (1916 - 1924).--</subfield>
    <subfield code="g">Cap&#xED;tulo XV.</subfield>
    <subfield code="t">La Rep&#xFA;blica Dominicana bajo el esquema de dominaci&#xF3;n neocolonial de los Estados Unidos: la Era de Trujillo.</subfield>
    <subfield code="g">Cap&#xED;tulo XVI. </subfield>
    <subfield code="t">El reordenamiento econ&#xF3;mico, social y pol&#xED;tica del pa&#xED;s: Desde la ca&#xED;da de la dictadura hasta la llegada de Balaguer al poder en 1966.--</subfield>
    <subfield code="g">Cap&#xED;tulo XVII.</subfield>
    <subfield code="t">La dominaci&#xF3;n dependiente del balaguerismo de los doce a&#xF1;os.--</subfield>
    <subfield code="g">Cap&#xED;tulo XVIII.</subfield>
    <subfield code="t">De la crisis del bonapartismo al modelo de democracia restringida.--</subfield>
    <subfield code="g">Cap&#xED;tulo XIX.</subfield>
    <subfield code="t">El retorno de Balaguer y la crisis de legitimaci&#xF3;n pol&#xED;tica 1986 - 1996.--</subfield>
    <subfield code="g">Cap&#xED;tulo XX.</subfield>
    <subfield code="t">A manera de ep&#xED;logo balance cr&#xED;tico de la etapa postrujillista.--</subfield>
    <subfield code="t">Bibliograf&#xED;a.</subfield>
  </datafield>
  <datafield tag="590" ind1=" " ind2=" ">
    <subfield code="a">Inventariado 2022 / MF</subfield>
  </datafield>
  <datafield tag="650" ind1=" " ind2="4">
    <subfield code="9">8425</subfield>
    <subfield code="a">Historia Social</subfield>
    <subfield code="v">Ensayo, Conferencia, etc.</subfield>
    <subfield code="z">Rep&#xFA;blica  Dominicana</subfield>
  </datafield>
  <datafield tag="910" ind1=" " ind2=" ">
    <subfield code="a">MFeliz</subfield>
  </datafield>
  <datafield tag="942" ind1=" " ind2=" ">
    <subfield code="2">ddc</subfield>
    <subfield code="c">LBS1</subfield>
  </datafield>
  <datafield tag="952" ind1=" " ind2=" ">
    <subfield code="0">0</subfield>
    <subfield code="1">0</subfield>
    <subfield code="2">ddc</subfield>
    <subfield code="5">1</subfield>
    <subfield code="7">0</subfield>
    <subfield code="8">DS</subfield>
    <subfield code="a">BNPHU</subfield>
    <subfield code="b">BNPHU</subfield>
    <subfield code="c">CT</subfield>
    <subfield code="d">2019-08-28</subfield>
    <subfield code="e">Dep&#xF3;sito legal / Editora Univesitaria</subfield>
    <subfield code="l">0</subfield>
    <subfield code="o">P349</subfield>
    <subfield code="p">2022-5293</subfield>
    <subfield code="r">2022-11-14</subfield>
    <subfield code="w">2022-11-14</subfield>
    <subfield code="y">LBS1</subfield>
  </datafield>
  <datafield tag="999" ind1=" " ind2=" ">
    <subfield code="c">52910</subfield>
    <subfield code="d">52910</subfield>
  </datafield>
</record>
